| 000 | 00434nam a22001937a 4500 | ||
|---|---|---|---|
| 003 | OSt | ||
| 005 | 20180116182954.0 | ||
| 008 | 140401b xxu||||| |||| 00| 0 eng d | ||
| 020 | _a0 | ||
| 022 | _a0 | ||
| 040 | _c0 | ||
| 082 | _a302.23 CRO 2012 | ||
| 100 | _aCroteau 'David | ||
| 245 | _aMedia Society | ||
| 260 |
_aSAGE _bNew Delhi _c2012 |
||
| 500 | _aHard Cover | ||
| 700 | _4Croteau 'David | ||
| 942 |
_2ddc _cBK _k302.23 CRO |
||
| 999 |
_c349631 _d349631 |
||